000 01086cas a22002175a 4500
001 L141240
008 070719c1858 xxkwr p 0 a0eng
022 1 _a0014-1240
035 _a(Sirsi) u98839
041 0 _aeng
245 0 0 _aEstates Gazette
260 _aLondon
_bEstates Gazette
_c1858-
362 _aLondon: 1885-
362 0 _aEdinburgh: 1981-
500 _aEstates Gazette gap in collection after 7 March 2020 issue and before Jan 2023 issue. Recent issues are left on the table of the main library (not to be removed and for reference only). Older volumes are either on the gallery which are not accessible to the public. 2010 to 2019 available in the library area. 1982 issues which are popular for valuations are kept in a secure location and you should contact [email protected] to arrange to see these volumes.
651 4 _aUnited Kingdom
690 _aPROPERTY
856 4 1 _uhttps://www.rics.org/profession-standards/knowledge-and-information-services
_zAd hoc articles available to members via [email protected]
942 _n0
_2ddc
948 _c03/02/1994
999 _c118544
_d118544